000 00312nam a22001337a 4500
008 181022b xxu||||| |||| 00| 0 eng d
020 _a9780471125174
041 _aeng
080 _a621
100 _a27
101 _aENG
245 _aModeling And Analysis Dynamic Systems
_cFrederick.C
942 _2udc
_cBK
999 _c50359
_d50359